Statistics for NBA playoff assists leaders

Click here to take the quiz!

General Stats

  • This quiz has been taken 41 times
    (16 since last reset)
  • The average score is 18 of 20

Answer Stats

Assists Player Teams % Correct
1687LeBron JamesCLE, MIA, CLE
100%
1263Jason KiddPHO, NJ, DAL, NY
100%
1143Tony ParkerSA
100%
937Bob CousyBOS
100%
1022Michael JordanCHI
100%
1839John StocktonUTA
100%
987Isiah ThomasDET
100%
2346Magic JohnsonLAL
94%
1062Larry BirdBOS
94%
1061Steve NashPHO, DAL, LAL
94%
1040Kobe BryantLAL
94%
970Jerry WestLAL
88%
870Dwyane WadeMIA, CHI
88%
981Rajon RondoBOS, DAL, CHI, NO
88%
1048Scottie PippenCHI, HOU, POR
88%
935Kevin JohnsonPHO
81%
891Clyde DrexlerPOR, HOU
81%
1006Dennis JohnsonSEA, PHO, BOS
81%
922Maurice CheeksPHI, NY, NJ
63%
905Mark JacksonNY, LAC, IND, UTA, HOU
63%

Score Distribution

Percentile by Number Answered

Percent of People with Each Score

Your Score History

You have not taken this quiz since the last reset